[Event "VIE-ch U09"]
[Site "Ho Chi Minh City"]
[Date "2014.07.15"]
[Round "4"]
[White "Pham, Huynh Tu"]
[Black "Pham, Nguyen Phuc Hao"]
[Result "1/2-1/2"]
[WhiteElo "1451"]
[BlackElo "1513"]
[PlyCount "59"]
[EventDate "2014.07.13"]
[EventType "swiss"]
[EventRounds "9"]
[EventCountry "VIE"]
[SourceTitle "EXT 2016"]
[Source "ChessBase"]
[SourceDate "2015.10.08"]
[SourceVersion "1"]
[SourceVersionDate "2015.10.08"]
[SourceQuality "1"]

1. e4 e6 2. Nf3 d5 3. exd5 exd5 4. Be2 Be7 5. 0-0 Nf6 6. d4 h6 7. h3 0-0 8. Nc3 Nc6 9. Bf4 a6 10. Re1 Bf5 11. a3 Bd6 12. Qd2 Re8 13. Bxd6 Qxd6 14. Bd3 Be4 15. Be2 Bxf3 16. Bxf3 Re7 17. Rxe7 Nxe7 18. Qd3 Re8 19. Re1 c6 20. b4 Qd7 21. a4 Ng6 22. Rxe8+ Qxe8 23. Qe3 Qd7 24. Ne2 Qf5 25. Qd3 Qxd3 26. cxd3 Kf8 27. Kf1 Ke7 28. Ke1 Kd6 29. Kd2 Nh4 30. Ke3 1/2-1/2